MARC

LEADER 00000nam0a2200000 4500
001 365650
005 20231102011815.0
035 |a (RuTPU)RU\TPU\retro\23013 
090 |a 365650 
100 |a 20220117d1981 m y0rusy50 ca 
101 0 |a rus 
102 |a RU 
105 |a a j 001zy 
200 1 |a Телеуправление стрелками и сигналами  |e учебник для вузов 
205 |a 3-е изд., перераб. и доп. 
210 |a Москва  |c Транспорт  |d 1981 
215 |a 391 с.  |c ил. 
606 1 |a Железнодорожная сигнализация  |x Ремонт и содержание  |x Техника безопасности  |2 stltpush  |3 (RuTPU)RU\TPU\subj\39119  |9 59322 
610 1 |a учебники 
610 1 |a телеуправление 
610 1 |a стрелки 
610 1 |a сигналы 
610 1 |a централизация 
610 1 |a управление 
610 1 |a релейные системы 
610 1 |a сортировочные горки 
610 1 |a диспетчеризация 
610 1 |a кодовая централизация 
675 |a 656.25(075.8)  |v 4 
702 1 |a Переборов  |b А. С.  |4 340 
801 1 |a RU  |b 63413507  |c 20220117 
942 |c BK